Statistics for 10th Century History

Click here to take the quiz!

General Stats

  • This quiz has been taken 1,936 times
  • The average score is 7 of 20

Answer Stats

YearDescriptionAnswer% Correct
988Prince Vladimir begins the Christianization of this kingdomKievan Rus
77%
927This North Sea country becomes a unified stateEngland
69%
Mid 900sIn China, these flammable pyrotechnics are inventedFireworks
68%
962This Germanic empire was formed under Otto IHoly Roman Empire
68%
Late 900sThis exiled murderer forms a colony on GreenlandErik the Red
56%
900sThis Roman empire reaches its heightByzantine
53%
919In China, this new weapon is first put into battleGunpowder
53%
907Vikings occupy this northwest French territoryBrittany
43%
Mid 900sThis old Hungarian tribe makes raids into EuropeMagyars
35%
1000Stephen I is crowned this first king of this nationHungary
33%
987King Hugh starts the French dynasty that bears his nameCapetian
31%
960In China, this dynasty is establishedSong Dynasty
28%
910Ordono III reigns over this new Spanish kingdomLeon
23%
Mid 900sThis Mesoamerican culture reaches a heightToltec
16%
Late 900sThis Islamic physician wrote The Book of HealingAvicenna
10%
950These nomads settle in Central Asia and convert to IslamSeljuks
9%
910The first federated monastic order's formed hereCluny
7%
909This Muslim caliphate forms in AlgeriaFatimid
7%
900sEurope begins this climate periodMedieval Warm Period
7%
936Korea is united under this dynastyGoryeo
3%

Score Distribution

Percentile by Number Answered

Percent of People with Each Score

Your Score History

You have not taken this quiz